000
00339nam a2200133Ia 4500
008
240624s9999 xx 000 0 und d
041
_a
eng
082
_a
828 THA
100
_a
THAROOR SHASHI
245
_a
ERA OF DARKNESS THE BRITISH EMPIRE IN IN
260
_c
2016
_a
New Delhi
_b
Aleph Book Company
300
_a
360 p.
365
_c
RS
_b
30
999
_c
29325
_d
29325